• 首页
  • 本馆介绍
  • 公告通知
  • 最新文献
  • 馆藏检索
  • 电子资源
  • 读者导购
  • 参考咨询
  • 我的图书馆
  • 登录
  • 详细信息显示
  • 放入我的书架
  • 预约/预借图书
  • 作者相关作品
  • 分类相关作品
  • 丛书相关作品
  • 出版社相关作品

书目信息

  • 表格格式
  • 工作单格式
  • 卡片格式
题名:
建筑用化学品生产与应用技术
    
 
作者: 宋小平 , 韩长日 主编
分册:  
出版信息: 北京   中国石化出版社  2020.7
页数: 398页
开本: 26cm
丛书名: 工业添加剂生产与应用技术丛书
单 册:
中图分类: TU53
科图分类:
主题词: 建筑化工材料--生产工艺
电子资源:
ISBN: 978-7-5114-2436-5
000 01103nam2 2200277 45
001 012001002210
005 20140913142943.0
010    @a978-7-5114-2436-5@dCNY58.00
100    @a20140226d2014 em y0chiy50 ea
101 0  @achi
102    @aCN@b110000
105    @ay z 000yy
106    @ar
200 1  @a建筑用化学品生产与应用技术@Ajian zhu yong hua xue pin sheng chan yu ying yong ji shu@b专著@f宋小平,韩长日主编
210    @a北京@c中国石化出版社@d2020.7
215    @a398页@d26cm
225 2  @a工业添加剂生产与应用技术丛书
330    @a本书介绍了人造建筑石材、水泥混凝土外加剂、建筑防水材料、建筑用高分子材料、建筑用涂料、建筑用胶黏剂和其他建筑用化学品的生产与应用技术,对每个品种的名称、性能、生产原理、工艺流程、工艺配方、生产工艺、质量标准、用途等都做了全面系统的阐述。
410  0 @1001003301715
461  0 @12001 @a工业添加剂生产与应用技术丛书
606 0  @a建筑化工材料@x生产工艺
690    @aTU53@v5
701  0 @a宋小平@Asong xiao ping@c(女,@f1957 )@4主编
701  0 @a韩长日@Ahan chang ri@f(1955 )@4主编
801  0 @aCN@bBJSDL@c20211011
905    @b1338856-9@dTU53@e2011@f4
    
    建筑用化学品生产与应用技术/宋小平,韩长日主编.-北京:中国石化出版社,2020.7
    398页;26cm.-(工业添加剂生产与应用技术丛书)
    
    
    ISBN 978-7-5114-2436-5:CNY58.00
    本书介绍了人造建筑石材、水泥混凝土外加剂、建筑防水材料、建筑用高分子材料、建筑用涂料、建筑用胶黏剂和其他建筑用化学品的生产与应用技术,对每个品种的名称、性能、生产原理、工艺流程、工艺配方、生产工艺、质量标准、用途等都做了全面系统的阐述。
●
相关链接 在E读中查询图书 在五车中查询图书 在当当中查询图书 在豆瓣中查询图书


正题名:建筑用化学品生产与应用技术     索取号:TU53/2011         预约/预借

序号 登录号 条形码 馆藏地/架位号 状态 备注
1 1338856   213388564   第二样本阅览室/ [索取号:TU53/2011] 在馆    
2 1338857   213388573   第三借阅区/ [索取号:TU53/2011] 在馆    
3 1338858   213388582   第三借阅区/ [索取号:TU53/2011] 在馆    
4 1338859   213388591   第三借阅区/ [索取号:TU53/2011] 在馆    
唐山师范学院图书馆 欢迎您!
大连网信软件有限公司© 版权所有